LEADER 01148nam a2200289 i 4500 001 000000154482 003 CaOOAMICUS 005 20061018000000.0 008 061018s1983 it u000 u ita u 013 $a131828 040 $aSeMil$bita 100 1 $aJames, Henry,$d<1843-1916>.$0(OLS)http://semarc/name/7085 245 10$aD'Annunzio e Flaubert /$cHenry James ; prefazione di Guido Almansi. 260 $aMilano :$bSerra e Riva,$ccopyr. 1983. 300 $a129 p. ;$c18 cm. 490 0 $aSaggi ;$v2 500 $aFondo Ciprandi. 600 14$aFlaubert, Gustave <1821-1880>.$0(OLS)http://semarc/subject/10540 600 14$aD'Annunzio, Gabriele <1863-1938>.$0(OLS)http://semarc/subject/2333 700 1 $aAlmansi, Guido,$d<1931-2001>.$0(OLS)http://semarc/name/36670 830 0$aSaggi ;$v2.$0(OLS)http://semarc/title/341 850 $aSeMil 852 $aSeMil$W1$xVenegono$y1$m1D I 138$j106340$B106340$CSeMilBibl$Z2$F115590 $81 941 1 $a1 961 $aOmaggio: Ciprandi dott. Paolo 996 $6245$aD'Annunzio e Flaubert$9(OLS)http://semarc/title/226092 996 $6260$aMilano :$bSerra e Riva$9(OLS)http://semarc/publisher/34060 LEADER 00855nam a2200205 i 4500 001 000000119586 003 CaOOAMICUS 005 20200224102333.0 008 050512s1999 it u000 u ita u 013 $a92280 040 $aSeMil$bita 245 10$aTomo primo :$b[Pietro Verri e la memoria storica]. 300 $aX, 540 p. 700 1 $aCapra, Carlo,$d<1938- >.$0(OLS)http://semarc/name/5041 773 0 $tPietro Verri e il suo tempo.$dMilano : Cisalpino, copyr. 1999.$kQuaderni di Acme / Università degli studi di Milano, Facoltà di lettere e filosofia$z88-323-4569-2$w()10347 850 $aSeMil 852 $aSeMil$W1$xVenegono$y1$m1B V 77$j74793$B74793$CSeMilBibl$Z2$F97540 $81 961 $aOmaggio: Rimoldi mons. Antonio 996 $6245$aTomo primo :$b[Pietro Verri e la memoria storica]$9(OLS)http://semarc/title/175780